Artificial intelligence : structures and strategies for complex problem solving (Record no. 294272)
[ view plain ]
| 000 -LEADER | |
|---|---|
| fixed length control field | 00537nam a2200181Ia 4500 |
| 005 - DATE AND TIME OF LATEST TRANSACTION | |
| control field | 20241114101659.0 |
| 008 - FIXED-LENGTH DATA ELEMENTS--GENERAL INFORMATION | |
| fixed length control field | 240126s9999 xx 000 0 und d |
| 020 ## - INTERNATIONAL STANDARD BOOK NUMBER | |
| International Standard Book Number | 9789354493782 |
| 082 ## - DEWEY DECIMAL CLASSIFICATION NUMBER | |
| Classification number | 001.535 LUG;1 R |
| 100 ## - MAIN ENTRY--PERSONAL NAME | |
| Personal name | Luger, George F. |
| 245 #0 - TITLE STATEMENT | |
| Title | Artificial intelligence : structures and strategies for complex problem solving |
| 250 ## - EDITION STATEMENT | |
| Edition statement | 6th ed |
| 260 ## - PUBLICATION, DISTRIBUTION, ETC. (IMPRINT) | |
| Name of publisher, distributor, etc. | Pearson |
| Place of publication, distribution, etc. | Noida |
| Date of publication, distribution, etc. | 2021 |
| 300 ## - PHYSICAL DESCRIPTION | |
| Extent | xxiii, 754 |
| 440 ## - SERIES STATEMENT/ADDED ENTRY--TITLE | |
| Title | NULL |
| 650 ## - SUBJECT ADDED ENTRY--TOPICAL TERM | |
| Topical term or geographic name as entry element | Artificial,intelligence,structures,strategies,complex,solving |
| 942 ## - ADDED ENTRY ELEMENTS (KOHA) | |
| Koha item type | PESU Books |
| Date last seen | Total Checkouts | Full call number | Accession number | Volume/Issue Number | Cost, replacement price | Price effective from | Category | Lost status | Source of classification or shelving scheme | Damaged status | Department | Withdrawn status | bill no. | Permanent Location | Current Location | Shelving location | Entry date | Vendor | Cost, normal purchase price | Grants | Currency symbol | Conversion rate | Discount | Discount type |
|---|---|---|---|---|---|---|---|---|---|---|---|---|---|---|---|---|---|---|---|---|---|---|---|---|
| 26/01/2024 | 001.535 LUG;1 R | PU12747 | (13/07/1905) | 595.00 | 26/01/2024 | PESU Books | Dewey Decimal Classification | Central Library | 11388989 | Central Library | Central Library | Central Library | 01/08/2022 | Pearson | 850.00 | CS | RS | 1 | 30 | Percentage |
